[Event "Gibtelecom ChallWk1 7th"]
[Site "Gibraltar"]
[Date "2009.01.28"]
[Round "2.14"]
[White "Loberg, Jo Kristian"]
[Black "Natalicchio Escalante, Nicolas"]
[Result "0-1"]
[WhiteElo "1923"]
[BlackElo "2238"]
[PlyCount "98"]
[EventDate "2009.01.27"]
[EventType "swiss"]
[EventRounds "5"]
[EventCountry "GGB"]
[SourceTitle "BritBase"]
[Source "www.saund.co.uk"]
[SourceDate "2018.02.10"]
[SourceVersion "1"]
[SourceVersionDate "2018.02.10"]
[SourceQuality "1"]

1. e4 c5 2. Nf3 d6 3. d4 cxd4 4. Nxd4 Nf6 5. Nc3 g6 6. Be3 Bg7 7. Bc4 O-O 8.
Bb3 Nc6 9. f3 Bd7 10. Qd2 Rc8 11. O-O-O Nxd4 12. Bxd4 b5 13. h4 a5 14. e5 dxe5
15. Bxe5 Bc6 16. Qxd8 Rfxd8 17. a4 b4 18. Ne2 Nd7 19. Bxg7 Kxg7 20. Nd4 Bb7 21.
Rhe1 Nc5 22. Kb1 e6 23. Ka2 Nxb3 24. cxb3 Rd5 25. Nb5 Rc2 26. Rxd5 Bxd5 27. Rg1
Kf6 28. g3 Rf2 29. f4 Rf3 30. Kb1 Bxb3 31. Nd4 Rd3 32. Nc6 Rd5 33. Rc1 Bxa4 34.
Ne5 Rd1 35. Rxd1 Bxd1 36. Kc1 Ba4 37. Nc4 Kf5 38. Nxa5 Kg4 39. b3 Bb5 40. Nb7
Kxg3 41. Nd6 Bc6 42. Nxf7 Kxf4 43. Ng5 h5 44. Nxe6+ Kg4 45. Kd2 Kxh4 46. Ke2
Kg3 47. Kf1 h4 48. Nd4 Bf3 49. Kg1 h3 0-1

[Event "Gibtelecom ChallWk1 7th"]
[Site "Gibraltar"]
[Date "2009.01.28"]
[Round "2.15"]
[White "Kandic, Milan"]
[Black "Haug, Marianne Wold"]
[Result "1-0"]
[WhiteElo "2208"]
[BlackElo "1935"]
[PlyCount "75"]
[EventDate "2009.01.27"]
[EventType "swiss"]
[EventRounds "5"]
[EventCountry "GGB"]
[SourceTitle "BritBase"]
[Source "www.saund.co.uk"]
[SourceDate "2018.02.10"]
[SourceVersion "1"]
[SourceVersionDate "2018.02.10"]
[SourceQuality "1"]

1. d4 Nf6 2. Bf4 g6 3. Nc3 Bg7 4. e4 d6 5. Nf3 O-O 6. Qd2 Nbd7 7. O-O-O c6 8.
e5 Ne8 9. Bh6 Qa5 10. Bxg7 Nxg7 11. Qf4 dxe5 12. dxe5 Nb6 13. h4 h5 14. Qh6 Nf5
15. Qg5 Na4 16. Bc4 Kg7 17. Nxa4 Qxa4 18. Bb3 Qg4 19. Qxg4 hxg4 20. Ng5 a5 21.
a4 b5 22. g3 b4 23. Rd2 c5 24. Bd5 Rb8 25. e6 fxe6 26. Bxe6 Nd4 27. Bxc8 Rfxc8
28. Re1 Rb7 29. Ne6+ Nxe6 30. Rxe6 Kf7 31. Re4 Kf6 32. Rf4+ Ke5 33. Re2+ Kd5
34. Rxg4 Rg8 35. Rg5+ Kd6 36. h5 e6 37. Ree5 Rc7 38. f4 1-0

[Event "Gibtelecom ChallWk1 7th"]
[Site "Gibraltar"]
[Date "2009.01.28"]
[Round "2.16"]
[White "Erdelyi, Tamas"]
[Black "Navarro Perez, Manuel"]
[Result "1/2-1/2"]
[WhiteElo "2152"]
[BlackElo "2097"]
[PlyCount "78"]
[EventDate "2009.01.27"]
[EventType "swiss"]
[EventRounds "5"]
[EventCountry "GGB"]
[SourceTitle "BritBase"]
[Source "www.saund.co.uk"]
[SourceDate "2018.02.10"]
[SourceVersion "1"]
[SourceVersionDate "2018.02.10"]
[SourceQuality "1"]

1. Nf3 g6 2. c4 Bg7 3. Nc3 c6 4. g3 d5 5. cxd5 cxd5 6. d4 Nc6 7. Bg2 Nf6 8. O-O
O-O 9. Ne5 e6 10. Nxc6 bxc6 11. Na4 Nd7 12. Be3 Qa5 13. a3 Ba6 14. b4 Qc7 15.
Bf4 e5 16. dxe5 Bxe5 17. Bxe5 Qxe5 18. Re1 f5 19. e3 Bc4 20. f4 Qg7 21. Qd4
Rfe8 22. Nc3 a6 23. Rac1 Re7 24. Nxd5 Bxd5 25. Bxd5+ Kf8 26. Bxc6 Rd8 27. Red1
Rc8 28. Bb7 Rxc1 29. Rxc1 Qxd4 30. exd4 Re3 31. Rc7 Nf6 32. a4 Ra3 33. b5 axb5
34. axb5 Rb3 35. Rc5 Rb2 36. Bf3 Ke7 37. d5 Nd7 38. Rc7 Rxb5 39. Kf2 Kd6
1/2-1/2

[Event "Gibtelecom ChallWk1 7th"]
[Site "Gibraltar"]
[Date "2009.01.28"]
[Round "2.17"]
[White "Lyons, Brendan"]
[Black "Almond, Richard J"]
[Result "0-1"]
[WhiteElo "2060"]
[BlackElo "2126"]
[PlyCount "78"]
[EventDate "2009.01.27"]
[EventType "swiss"]
[EventRounds "5"]
[EventCountry "GGB"]
[SourceTitle "BritBase"]
[Source "www.saund.co.uk"]
[SourceDate "2018.02.10"]
[SourceVersion "1"]
[SourceVersionDate "2018.02.10"]
[SourceQuality "1"]

1. e4 d5 2. exd5 Qxd5 3. Nc3 Qa5 4. d4 c6 5. Nf3 Nf6 6. Bc4 Bf5 7. Bd2 e6 8.
Nd5 Qd8 9. Nxf6+ gxf6 10. c3 Nd7 11. Be3 Qc7 12. Nh4 Bg6 13. Qf3 Bd6 14. a4
O-O-O 15. Nxg6 hxg6 16. a5 a6 17. h3 Rh5 18. b4 Rdh8 19. Bd3 f5 20. Qe2 g5 21.
Bxa6 bxa6 22. Qxa6+ Qb7 23. Qc4 Qb5 24. Qxb5 cxb5 25. a6 f4 26. Bd2 g4 27. Ra5
Bc7 28. Ra2 f3 29. Rg1 Bh2 30. hxg4 Rd5 31. a7 Kb7 32. Bf4 Bxg1 33. Bb8 Ka8 34.
Kf1 Bh2 35. gxf3 Nxb8 36. axb8=Q+ Kxb8 37. Kg2 Bf4 38. Ra6 Kb7 39. Ra2 Rh2+ 0-1

[Event "Gibtelecom ChallWk1 7th"]
[Site "Gibraltar"]
[Date "2009.01.28"]
[Round "2.18"]
[White "Dunn, Andrew"]
[Black "Bryn, Askild"]
[Result "1-0"]
[WhiteElo "2216"]
[BlackElo "2006"]
[PlyCount "41"]
[EventDate "2009.01.27"]
[EventType "swiss"]
[EventRounds "5"]
[EventCountry "GGB"]
[SourceTitle "BritBase"]
[Source "www.saund.co.uk"]
[SourceDate "2018.02.10"]
[SourceVersion "1"]
[SourceVersionDate "2018.02.10"]
[SourceQuality "1"]

1. d4 f5 2. g3 g6 3. Bg2 Bg7 4. c4 Nf6 5. Nc3 O-O 6. Nh3 d6 7. Nf4 e5 8. dxe5
dxe5 9. Qxd8 Rxd8 10. Nfd5 Nxd5 11. Nxd5 Rd7 12. Bg5 Kf7 13. O-O-O h6 14. Be3
c6 15. Nc3 Rxd1+ 16. Rxd1 Be6 17. Nb5 Nd7 18. Nd6+ Ke7 19. Nxb7 Bxc4 20. Na5
Bb5 21. Nxc6+ 1-0

[Event "Gibtelecom ChallWk1 7th"]
[Site "Gibraltar"]
[Date "2009.01.28"]
[Round "2.19"]
[White "Urbina Perez, Juan Antonio"]
[Black "Madland, Kristoffer"]
[Result "1/2-1/2"]
[WhiteElo "2215"]
[BlackElo "1992"]
[PlyCount "74"]
[EventDate "2009.01.27"]
[EventType "swiss"]
[EventRounds "5"]
[EventCountry "GGB"]
[SourceTitle "BritBase"]
[Source "www.saund.co.uk"]
[SourceDate "2018.02.10"]
[SourceVersion "1"]
[SourceVersionDate "2018.02.10"]
[SourceQuality "1"]

1. e4 c5 2. Nf3 d6 3. d4 cxd4 4. Nxd4 Nf6 5. Nc3 a6 6. Be3 e6 7. Be2 b5 8. Bf3
e5 9. Nf5 d5 10. Bg5 d4 11. Bxf6 Qxf6 12. Nd5 Qd8 13. O-O g6 14. Nxd4 Bg7 15.
Nb3 O-O 16. Qe2 Nd7 17. Qe3 Bb7 18. Rfd1 Bxd5 19. Rxd5 Qc7 20. Rad1 Nb6 21. Rc5
Qe7 22. Na5 Na4 23. Rcd5 Nxb2 24. Rb1 Na4 25. c4 Qc7 26. Qe1 Nb6 27. Rd2 Nxc4
28. Nxc4 Qxc4 29. Qe2 Qxe2 30. Bxe2 Rfd8 31. Rd5 Rxd5 32. exd5 Rd8 33. Rd1 Rd6
34. Kf1 Kf8 35. Rd3 Ke7 36. f3 Kd7 37. Bd1 Kc7 1/2-1/2

[Event "Gibtelecom ChallWk1 7th"]
[Site "Gibraltar"]
[Date "2009.01.28"]
[Round "2.20"]
[White "Helin, Mikael"]
[Black "Salem, Ihab"]
[Result "1/2-1/2"]
[WhiteElo "1974"]
[BlackElo "2171"]
[PlyCount "87"]
[EventDate "2009.01.27"]
[EventType "swiss"]
[EventRounds "5"]
[EventCountry "GGB"]
[SourceTitle "BritBase"]
[Source "www.saund.co.uk"]
[SourceDate "2018.02.10"]
[SourceVersion "1"]
[SourceVersionDate "2018.02.10"]
[SourceQuality "1"]

1. e4 c5 2. Nc3 Nc6 3. g3 g6 4. Bg2 Bg7 5. d3 d6 6. h3 Rb8 7. f4 Nd4 8. Nd5 e6
9. Ne3 Ne7 10. c3 Ndc6 11. Ne2 b5 12. d4 Qb6 13. e5 d5 14. g4 b4 15. f5 exf5
16. Nf4 bxc3 17. bxc3 Qd8 18. O-O O-O 19. gxf5 Nxf5 20. Nfxd5 Nxe3 21. Bxe3
Bxh3 22. Nf6+ Bxf6 23. Rxf6 Bxg2 24. Kxg2 Rb2+ 25. Kg3 cxd4 26. cxd4 Qd5 27.
Qf3 Ne7 28. Rg1 Qxf3+ 29. Kxf3 Rxa2 30. Ke4 Re2 31. Rg3 h5 32. d5 h4 33. Rgf3
Nf5 34. R6xf5 gxf5+ 35. Kxf5 Rg2 36. Bg5 Rc2 37. Rf4 h3 38. Bf6 Rb8 39. d6 h2
40. Rh4 Rf2+ 41. Kg5 Rg2+ 42. Kf5 Rf2+ 43. Kg5 Rg2+ 44. Kf5 1/2-1/2

[Event "Gibtelecom ChallWk1 7th"]
[Site "Gibraltar"]
[Date "2009.01.28"]
[Round "2.21"]
[White "Machin Arbelo, Pedro Alexi"]
[Black "Guerrero Beret, Jesus"]
[Result "0-1"]
[WhiteElo "2134"]
[BlackElo "1964"]
[PlyCount "76"]
[EventDate "2009.01.27"]
[EventType "swiss"]
[EventRounds "5"]
[EventCountry "GGB"]
[SourceTitle "BritBase"]
[Source "www.saund.co.uk"]
[SourceDate "2018.02.10"]
[SourceVersion "1"]
[SourceVersionDate "2018.02.10"]
[SourceQuality "1"]

1. e4 Nf6 2. Bc4 d5 3. exd5 Nxd5 4. Qf3 e6 5. Nc3 Nb6 6. Bb3 Nc6 7. Nge2 Bd6 8.
d4 O-O 9. Ne4 Na5 10. Nxd6 cxd6 11. Qg3 g6 12. h4 Nxb3 13. axb3 Re8 14. Be3 Nd5
15. Bd2 Ne7 16. h5 Nf5 17. Qh2 g5 18. h6 f6 19. f4 e5 20. dxe5 dxe5 21. fxg5
Qd6 22. O-O-O Qa6 23. Nc3 Nd4 24. Be3 Nxb3+ 25. cxb3 Qa1+ 26. Kc2 Bf5+ 27. Rd3
Bxd3+ 28. Kxd3 Qxb2 29. gxf6 e4+ 30. Nxe4 Rad8+ 31. Nd6 Qxb3+ 32. Kd2 Qxe3+ 33.
Kc2 Qc5+ 34. Kb1 Qxd6 35. Qh4 Qd3+ 36. Kc1 Rc8+ 37. Kb2 Rc2+ 38. Ka1 Qa3+ 0-1

[Event "Gibtelecom ChallWk1 7th"]
[Site "Gibraltar"]
[Date "2009.01.28"]
[Round "2.22"]
[White "Dimitrijevic, Dragan"]
[Black "Kouchak, Jason"]
[Result "0-1"]
[WhiteElo "2069"]
[BlackElo "1960"]
[PlyCount "84"]
[EventDate "2009.01.27"]
[EventType "swiss"]
[EventRounds "5"]
[EventCountry "GGB"]
[SourceTitle "BritBase"]
[Source "www.saund.co.uk"]
[SourceDate "2018.02.10"]
[SourceVersion "1"]
[SourceVersionDate "2018.02.10"]
[SourceQuality "1"]

1. e4 d5 2. d4 dxe4 3. Nc3 Nf6 4. Bg5 Bf5 5. Nge2 Nbd7 6. Ng3 Bg6 7. Bc4 c6 8.
Qd2 Qa5 9. O-O-O e6 10. Ncxe4 Bb4 11. c3 Be7 12. Bxf6 Nxf6 13. Bd3 Qxa2 14. h4
Nxe4 15. Nxe4 Qa1+ 16. Kc2 Qa4+ 17. Kb1 O-O-O 18. Qe2 a5 19. h5 Bxe4 20. Qxe4
h6 21. Qe2 Bf6 22. Bc4 Kb8 23. Rd2 b5 24. b3 Qa3 25. Ra2 Qe7 26. Bd3 Qc7 27.
Kc2 Kb7 28. Rha1 Ra8 29. Qe4 Qb6 30. f4 Rhd8 31. g4 b4 32. cxb4 Qxb4 33. Ra4
Qb6 34. Qf3 Rxd4 35. g5 Qc5+ 36. Bc4 Qf5+ 37. Bd3 Rxd3 38. Qxd3 Qxd3+ 39. Kxd3
Bxa1 40. Rxa1 hxg5 41. fxg5 Kb6 42. Rf1 Ra7 {illegible} 0-1

[Event "Gibtelecom ChallWk1 7th"]
[Site "Gibraltar"]
[Date "2009.01.28"]
[Round "2.23"]
[White "Pali, Gabor"]
[Black "Olsson, Roland"]
[Result "1-0"]
[WhiteElo "2048"]
[BlackElo "1938"]
[PlyCount "107"]
[EventDate "2009.01.27"]
[EventType "swiss"]
[EventRounds "5"]
[EventCountry "GGB"]
[SourceTitle "BritBase"]
[Source "www.saund.co.uk"]
[SourceDate "2018.02.10"]
[SourceVersion "1"]
[SourceVersionDate "2018.02.10"]
[SourceQuality "1"]

1. d4 Nf6 2. g3 d5 3. Bg2 c6 4. Nf3 Nbd7 5. O-O g6 6. Nc3 Bg7 7. b4 O-O 8. Rb1
Re8 9. Re1 h6 10. Ne5 Nb6 11. e4 Nxe4 12. Nxe4 dxe4 13. Bxe4 Be6 14. a3 Nc4 15.
Nxc4 Bxc4 16. c3 Qd7 17. Be3 Rad8 18. Qc2 f5 19. Bd3 Bxd3 20. Qxd3 Kh7 21. Qc4
a6 22. Bf4 Qd5 23. Qxd5 Rxd5 24. Re6 g5 25. Bc7 Bf6 26. Rbe1 Kg7 27. f4 Kf7 28.
Kf2 Rd7 29. Bb6 gxf4 30. Kf3 fxg3 31. hxg3 Rd6 32. Rxd6 exd6 33. Rxe8 Kxe8 34.
Kf4 Bg5+ 35. Kxf5 d5 36. Ke6 Bd2 37. Kd6 Be1 38. g4 Bg3+ 39. Ke6 Be1 40. a4
Bxc3 41. b5 axb5 42. axb5 Bb4 43. bxc6 bxc6 44. Bc7 Bc3 45. Be5 c5 46. dxc5
Bxe5 47. Kxe5 Kd7 48. Kxd5 Kc7 49. Ke6 Kc6 50. Kf6 Kxc5 51. Kg6 Kd6 52. Kxh6
Ke7 53. g5 Kf7 54. Kh7 1-0

[Event "Gibtelecom ChallWk1 7th"]
[Site "Gibraltar"]
[Date "2009.01.28"]
[Round "2.24"]
[White "Obiamiwe, Paul"]
[Black "Dickens, Rupert"]
[Result "1-0"]
[WhiteElo "2035"]
[BlackElo "1872"]
[PlyCount "63"]
[EventDate "2009.01.27"]
[EventType "swiss"]
[EventRounds "5"]
[EventCountry "GGB"]
[SourceTitle "BritBase"]
[Source "www.saund.co.uk"]
[SourceDate "2018.02.10"]
[SourceVersion "1"]
[SourceVersionDate "2018.02.10"]
[SourceQuality "1"]

1. Nf3 d5 2. d4 Nf6 3. c4 c6 4. Nc3 a6 5. c5 g6 6. Bf4 Bg7 7. h3 O-O 8. e3 Nbd7
9. Be2 Re8 10. O-O b5 11. cxb6 Qxb6 12. Na4 Qa5 13. a3 c5 14. Nxc5 Nxc5 15. b4
Qa4 16. bxc5 Qxd1 17. Rfxd1 Ne4 18. Rdc1 f6 19. Bc7 e5 20. Bd1 Re7 21. Bb6 Rb8
22. a4 Bd7 23. Be2 Bc8 24. a5 f5 25. Bd1 exd4 26. exd4 Bh6 27. Rc2 Re6 28. c6
Nd6 29. Be2 Bg7 30. Ng5 Rf6 31. Bd8 Rf8 32. Bc7 1-0

[Event "Gibtelecom ChallWk1 7th"]
[Site "Gibraltar"]
[Date "2009.01.28"]
[Round "2.25"]
[White "Gravett, Alan D"]
[Black "Suez-Panama, Gilles"]
[Result "0-1"]
[WhiteElo "1869"]
[BlackElo "2032"]
[PlyCount "86"]
[EventDate "2009.01.27"]
[EventType "swiss"]
[EventRounds "5"]
[EventCountry "GGB"]
[SourceTitle "BritBase"]
[Source "www.saund.co.uk"]
[SourceDate "2018.02.10"]
[SourceVersion "1"]
[SourceVersionDate "2018.02.10"]
[SourceQuality "1"]

1. g3 Nf6 2. Bg2 d5 3. c4 e6 4. Nf3 Be7 5. O-O O-O 6. b3 c6 7. Bb2 Nbd7 8. d3
Qc7 9. Nbd2 b6 10. e4 dxe4 11. dxe4 e5 12. Qc2 Re8 13. a3 a5 14. Bc3 Bd6 15. b4
Ng4 16. h3 Nh6 17. Rfd1 f6 18. Nf1 Nf8 19. Ne3 Ne6 20. Nf5 Nxf5 21. exf5 Nd8
22. Nd2 Nf7 23. Qe4 Bb7 24. c5 bxc5 25. bxa5 Qc8 26. Nc4 Bc7 27. Qe3 Qxf5 28.
Qxc5 Ng5 29. Bxc6 Bxc6 30. Qxc6 Nxh3+ 31. Kg2 Nxf2 32. Ne3 Qe4+ 33. Qxe4 Nxe4
34. Rd7 Bxa5 35. Bxa5 Rxa5 36. Nf5 Rea8 37. Rxg7+ Kh8 38. Rb1 Rg8 39. Re7 Rxa3
40. Rbb7 Ng5 41. Red7 Ra2+ 42. Kf1 Rc8 43. Rbc7 Rca8 0-1

[Event "Gibtelecom ChallWk1 7th"]
[Site "Gibraltar"]
[Date "2009.01.28"]
[Round "2.26"]
[White "Dasaolu, Adeoye"]
[Black "Palacios Pena, Gerardo"]
[Result "1-0"]
[WhiteElo "2024"]
[BlackElo "1850"]
[PlyCount "79"]
[EventDate "2009.01.27"]
[EventType "swiss"]
[EventRounds "5"]
[EventCountry "GGB"]
[SourceTitle "BritBase"]
[Source "www.saund.co.uk"]
[SourceDate "2018.02.10"]
[SourceVersion "1"]
[SourceVersionDate "2018.02.10"]
[SourceQuality "1"]

1. Nf3 c6 2. c4 d5 3. Qc2 Nf6 4. d4 g6 5. Bf4 Bg7 6. h3 O-O 7. e3 Bf5 8. Qb3
Qb6 9. c5 Qxb3 10. axb3 Nbd7 11. g4 Bxb1 12. Rxb1 Ne4 13. b4 a6 14. Bd3 Rfe8
15. Ne5 Nef6 16. Kd2 Nxe5 17. Bxe5 Nd7 18. Bxg7 Kxg7 19. f4 f6 20. f5 e5 21.
Rbf1 e4 22. Be2 g5 23. h4 h6 24. Rh2 Rh8 25. Kc3 Rac8 26. Kb3 Nb8 27. Ka4 Nd7
28. Ka5 Ra8 29. Rfh1 Rab8 30. hxg5 hxg5 31. Rxh8 Rxh8 32. Rxh8 Kxh8 33. Bxa6
bxa6 34. Kxa6 Ne5 35. b5 cxb5 36. Kxb5 Nxg4 37. c6 Nxe3 38. c7 g4 39. c8=Q+ Kg7
40. Qc1 1-0

[Event "Gibtelecom ChallWk1 7th"]
[Site "Gibraltar"]
[Date "2009.01.28"]
[Round "2.27"]
[White "Ribon Calabia, Mariano"]
[Black "Pendlebury, Ian G"]
[Result "0-1"]
[WhiteElo "1864"]
[BlackElo "2016"]
[PlyCount "78"]
[EventDate "2009.01.27"]
[EventType "swiss"]
[EventRounds "5"]
[EventCountry "GGB"]
[SourceTitle "BritBase"]
[Source "www.saund.co.uk"]
[SourceDate "2018.02.10"]
[SourceVersion "1"]
[SourceVersionDate "2018.02.10"]
[SourceQuality "1"]

1. e4 c6 2. d4 d5 3. e5 Bf5 4. Nf3 e6 5. Be2 Qb6 6. O-O c5 7. c3 Nc6 8. a3 c4
9. Nbd2 Na5 10. Nh4 Bg6 11. Nxg6 hxg6 12. b3 cxb3 13. Nxb3 Qxb3 14. Qxb3 Nxb3
15. Rb1 Na5 16. c4 dxc4 17. Bd2 Nb3 18. Be3 b5 19. Bf3 Rc8 20. Bb7 Ne7 21. Bxc8
Nxc8 22. d5 exd5 23. Rfd1 d4 24. Bxd4 Bxa3 25. Be3 O-O 26. Rd7 a6 27. Rbd1 Bc5
28. Rc7 Bxe3 29. fxe3 Nb6 30. Rb7 c3 31. Rxb6 c2 32. Rf1 c1=Q 33. Rxc1 Nxc1 34.
Rxa6 Rb8 35. e6 fxe6 36. Rxe6 b4 37. Ra6 b3 38. Ra1 b2 39. Rb1 Na2 0-1

[Event "Gibtelecom ChallWk1 7th"]
[Site "Gibraltar"]
[Date "2009.01.28"]
[Round "2.28"]
[White "Quinn, Joseph"]
[Black "Pettersen, Joar Gullestad"]
[Result "1/2-1/2"]
[WhiteElo "1835"]
[BlackElo "2016"]
[PlyCount "41"]
[EventDate "2009.01.27"]
[EventType "swiss"]
[EventRounds "5"]
[EventCountry "GGB"]
[SourceTitle "BritBase"]
[Source "www.saund.co.uk"]
[SourceDate "2018.02.10"]
[SourceVersion "1"]
[SourceVersionDate "2018.02.10"]
[SourceQuality "1"]

1. e4 e5 2. Nf3 Nc6 3. d4 exd4 4. Bc4 Nf6 5. O-O Nxe4 6. Re1 d5 7. Bxd5 Qxd5 8.
Nc3 Qa5 9. Nxe4 Be6 10. Bd2 Bb4 11. c3 dxc3 12. bxc3 Be7 13. c4 Qh5 14. Bg5
Bxg5 15. Nexg5 O-O 16. Nxe6 fxe6 17. Rxe6 Rae8 18. Rxe8 Rxe8 19. Rb1 Nd8 20.
Qd4 c5 21. Qd6 1/2-1/2

[Event "Gibtelecom ChallWk1 7th"]
[Site "Gibraltar"]
[Date "2009.01.28"]
[Round "2.29"]
[White "Cafolla, Peter"]
[Black "Manetto, Luis"]
[Result "1-0"]
[WhiteElo "2013"]
[BlackElo "1602"]
[PlyCount "77"]
[EventDate "2009.01.27"]
[EventType "swiss"]
[EventRounds "5"]
[EventCountry "GGB"]
[SourceTitle "BritBase"]
[Source "www.saund.co.uk"]
[SourceDate "2018.02.10"]
[SourceVersion "1"]
[SourceVersionDate "2018.02.10"]
[SourceQuality "1"]

1. d4 Nf6 2. c4 e6 3. Nc3 Bb4 4. f3 O-O 5. e4 d6 6. Bd3 c5 7. d5 exd5 8. cxd5
Re8 9. Nge2 Nbd7 10. O-O Ne5 11. Bc2 h6 12. g4 Nh7 13. Qe1 Ng5 14. Qg3 Nh7 15.
h3 Bd7 16. Kh1 Qe7 17. Qg2 Qh4 18. Qg3 Qxg3 19. Nxg3 c4 20. Be3 Nd3 21. Bxd3
cxd3 22. Rfd1 Bxc3 23. bxc3 Bb5 24. Nf5 Red8 25. Bf4 Rd7 26. Nxd6 Ba6 27. c4 g5
28. Bg3 f6 29. Rac1 Nf8 30. Rxd3 Ng6 31. Rdc3 b6 32. c5 bxc5 33. Rxc5 Ne5 34.
Bxe5 fxe5 35. Nf5 Kh7 36. Rc6 Be2 37. Rxh6+ Kg8 38. Kg2 Rb8 39. Rcc6 1-0

[Event "Gibtelecom ChallWk1 7th"]
[Site "Gibraltar"]
[Date "2009.01.29"]
[Round "3.1"]
[White "Daoudi, Kamal"]
[Black "Bates, Caspar J"]
[Result "0-1"]
[WhiteElo "2209"]
[BlackElo "2142"]
[PlyCount "81"]
[EventDate "2009.01.27"]
[EventType "swiss"]
[EventRounds "5"]
[EventCountry "GGB"]
[SourceTitle "BritBase"]
[Source "www.saund.co.uk"]
[SourceDate "2018.02.10"]
[SourceVersion "1"]
[SourceVersionDate "2018.02.10"]
[SourceQuality "1"]

1. e4 e5 2. Nf3 Nc6 3. d4 exd4 4. c3 d3 5. Bxd3 d6 6. h3 Nge7 7. O-O Ng6 8. Na3
Be7 9. Nd4 O-O 10. f4 Bf6 11. Nxc6 bxc6 12. Qh5 Re8 13. g4 Bb7 14. g5 Be7 15.
Nc4 d5 16. Na5 Bc5+ 17. Kg2 Rb8 18. Nxb7 Rxb7 19. e5 a5 20. e6 fxe6 21. Bxg6
hxg6 22. Qxg6 Qd7 23. Qh5 Qf7 24. g6 Qf5 25. Qh7+ Kf8 26. Qh8+ Ke7 27. Qxg7+
Kd8 28. Qh6 Qe4+ 29. Kg3 Qe2 30. f5 Bd6+ 31. Kh4 Be7+ 32. Bg5 Qe4+ 33. Kg3 Rxb2
34. Rf3 exf5 35. Bxe7+ Qxe7 36. Rxf5 Rg8 37. Qg5 Re2 38. Raf1 Re6 39. g7 Ke8
40. Rb1 Qxg5+ 41. Rxg5 0-1

[Event "Gibtelecom ChallWk1 7th"]
[Site "Gibraltar"]
[Date "2009.01.29"]
[Round "3.2"]
[White "Getz, Nicolai"]
[Black "Osuna Vega, Enrique"]
[Result "1-0"]
[WhiteElo "2190"]
[BlackElo "2130"]
[PlyCount "37"]
[EventDate "2009.01.27"]
[EventType "swiss"]
[EventRounds "5"]
[EventCountry "GGB"]
[SourceTitle "BritBase"]
[Source "www.saund.co.uk"]
[SourceDate "2018.02.10"]
[SourceVersion "1"]
[SourceVersionDate "2018.02.10"]
[SourceQuality "1"]

1. e4 e6 2. d4 d5 3. Nc3 h6 4. Nf3 Nf6 5. Bd3 Bb4 6. Nd2 c5 7. a3 Ba5 8. e5
cxd4 9. Nb5 Ne4 10. Bxe4 dxe4 11. Nd6+ Kf8 12. b4 e3 13. fxe3 dxe3 14. N2c4 Bb6
15. Nxb6 axb6 16. O-O Nc6 17. Qh5 Nxe5 18. Rxf7+ Kg8 19. Qxe5 1-0

[Event "Gibtelecom ChallWk1 7th"]
[Site "Gibraltar"]
[Date "2009.01.29"]
[Round "3.3"]
[White "Green, Andrew D"]
[Black "Kozlov, Oleg"]
[Result "0-1"]
[WhiteElo "2136"]
[BlackElo "2187"]
[PlyCount "94"]
[EventDate "2009.01.27"]
[EventType "swiss"]
[EventRounds "5"]
[EventCountry "GGB"]
[SourceTitle "BritBase"]
[Source "www.saund.co.uk"]
[SourceDate "2018.02.10"]
[SourceVersion "1"]
[SourceVersionDate "2018.02.10"]
[SourceQuality "1"]

1. e4 c5 2. Nf3 e6 3. d3 Nc6 4. g3 d5 5. Qe2 Nf6 6. Bg2 b6 7. O-O Ba6 8. e5 Nd7
9. c4 dxc4 10. dxc4 Qc7 11. Bf4 Rd8 12. Rd1 h6 13. h4 Be7 14. b3 g5 15. hxg5
hxg5 16. Nxg5 Nd4 17. Qe4 Rh5 18. Rxd4 cxd4 19. Nxe6 Qxe5 20. Bxe5 Rxe5 21.
Nc7+ Kf8 22. Qh7 Re1+ 23. Kh2 Nf6 24. Qh8+ Ng8 25. Nd5 Rd6 26. Qxd4 Rh6+ 27.
Bh3 Bc8 28. g4 Nf6 29. Nxf6 Bxf6 30. Qd2 Be5+ 31. f4 Bxg4 32. fxe5 Rxh3+ 33.
Kg2 Rhh1 34. Qd8+ Kg7 35. Qg5+ Kf8 36. Qd8+ Kg7 37. Qg5+ Kf8 38. Qxg4 Rhg1+ 39.
Kh3 Rxg4 40. Kxg4 Ke7 41. Kf5 a5 42. a3 Kd7 43. b4 a4 44. Nc3 Rxa1 45. Nxa4
Rf1+ 46. Ke4 Kc6 47. Nc3 Re1+ 0-1

[Event "Gibtelecom ChallWk1 7th"]
[Site "Gibraltar"]
[Date "2009.01.29"]
[Round "3.4"]
[White "Hagen, Anders Gjerdrum"]
[Black "Vea, Odin Blikra"]
[Result "1-0"]
[WhiteElo "2110"]
[BlackElo "2169"]
[PlyCount "65"]
[EventDate "2009.01.27"]
[EventType "swiss"]
[EventRounds "5"]
[EventCountry "GGB"]
[SourceTitle "BritBase"]
[Source "www.saund.co.uk"]
[SourceDate "2018.02.10"]
[SourceVersion "1"]
[SourceVersionDate "2018.02.10"]
[SourceQuality "1"]

1. d4 f5 2. g3 Nf6 3. Bg2 g6 4. Nf3 Bg7 5. O-O O-O 6. c4 d6 7. Nc3 Nc6 8. Qb3
Kh8 9. Rd1 a6 10. c5 dxc5 11. dxc5 Qe8 12. Ng5 e6 13. Bd2 h6 14. Nf3 e5 15. Be1
e4 16. Nd4 Nxd4 17. Rxd4 Nd7 18. Rdd1 Nxc5 19. Qc4 b6 20. Nd5 Qf7 21. Rac1 Be6
22. b4 c6 23. bxc5 Bxd5 24. Qb4 b5 25. a3 a5 26. Qd2 Bb3 27. Qe3 Bxd1 28. Rxd1
Rfd8 29. Rxd8+ Rxd8 30. Bxa5 Rd1+ 31. Bf1 Qa2 32. Bc3 Qb1 33. Qxh6+ 1-0

[Event "Gibtelecom ChallWk1 7th"]
[Site "Gibraltar"]
[Date "2009.01.29"]
[Round "3.5"]
[White "Horton-Kitchlew, Andrew"]
[Black "Byron, Alan M"]
[Result "0-1"]
[WhiteElo "2084"]
[BlackElo "2162"]
[PlyCount "115"]
[EventDate "2009.01.27"]
[EventType "swiss"]
[EventRounds "5"]
[EventCountry "GGB"]
[SourceTitle "BritBase"]
[Source "www.saund.co.uk"]
[SourceDate "2018.02.10"]
[SourceVersion "1"]
[SourceVersionDate "2018.02.10"]
[SourceQuality "1"]

1. e4 c6 2. d4 d5 3. exd5 cxd5 4. Nf3 Nf6 5. Be2 Nc6 6. O-O Bf5 7. c3 Qc7 8.
Bg5 Ne4 9. Be3 e6 10. Nbd2 Bd6 11. h3 h6 12. Nxe4 Bxe4 13. Nd2 Bg6 14. Re1 O-O
15. Nf3 Rab8 16. Qd2 Ne7 17. Nh4 Bh7 18. Bd3 Bxd3 19. Qxd3 b5 20. Qd2 Rfc8 21.
Rac1 Rb6 22. Qe2 a6 23. Qg4 Kh7 24. Qh5 Ng8 25. Nf3 Bf4 26. Ng5+ Bxg5 27. Bxg5
Ne7 28. Bd2 Nf5 29. Re5 Qd7 30. Rce1 a5 31. Qe2 Rcc6 32. Qd3 Kg8 33. g4 Nh4 34.
g5 Ng6 35. R5e2 hxg5 36. Bxg5 Ne7 37. Kh1 Nf5 38. Rg1 Kf8 39. Qf3 f6 40. Bd2
Qf7 41. Qg4 Rb7 42. f3 Re7 43. h4 Ke8 44. c4 Rxc4 45. Qf4 Qh5 46. Be3 Nxh4 47.
Qg4 Qxg4 48. fxg4 Nf3 49. Rd1 Kf7 50. Kg2 Nh4+ 51. Kg3 Ng6 52. Rd3 e5 53. dxe5
Rxg4+ 54. Kxg4 Nxe5+ 55. Kf4 Nxd3+ 56. Kf3 Ne5+ 57. Kf4 Nc4 58. Bc1 0-1